| 000 | 00694nam a2200181 i 4500 | ||
|---|---|---|---|
| 001 | 155210 | ||
| 003 | ES-MaACL | ||
| 005 | 20230906210008.0 | ||
| 008 | 940615s1764 it |||| | lat d | ||
| 040 |
_aAS _bspa |
||
| 100 | 1 |
_aHeineccius, Johann Gottlieb ( _d1681-1741) _9127831 |
|
| 245 | 1 | 0 |
_aJo. Gottlieb. Heineccii ... Antiquitatum romanarum jurisprudentiam illustrantium syntagma _b: secundum ordinem institutionum Justiniani digestum ... : pars secunda. |
| 260 |
_aVenetiis : _bex typographia Balleoniana ..., _c1764. |
||
| 300 |
_a455 p., [1] h. pleg. ; _c12ยบ. |
||
| 597 | _aSign. : A-T12. | ||
| 597 | _aPort. con grab xil. | ||
| 852 |
_aES-MaACL _jR-532 _z-- Enc. perg. con cierres |
||
| 999 |
_c155210 _d155210 |
||